logo

Bir Sreshtho Munshi Abdur Rouf Library
Jhenaidah Cadet College

An American vision / (Record no. 9707)

MARC details
000 -LEADER
fixed length control field 01329pam a2200385 a 4500
001 - CONTROL NUMBER
JCCL Control Number 9707
003 - CONTROL NUMBER IDENTIFIER
JCCL marc code BD-JhCC
005 - DATE AND TIME OF LATEST TRANSACTION
control field 20180322173510.0
008 - FIXED-LENGTH DATA ELEMENTS--GENERAL INFORMATION
fixed length control field 180322s1987 maua bc 001 0 eng
020 ## - INTERNATIONAL STANDARD BOOK NUMBER
International Standard Book Number 082121652X :
Terms of availability $40.00
020 ## - INTERNATIONAL STANDARD BOOK NUMBER
International Standard Book Number 0821216562 (pbk.)
035 ## - SYSTEM CONTROL NUMBER
system control number (BD-JhCC)9707
040 ## - CATALOGING SOURCE
Original cataloging agency DLC
Transcribing agency DLC
Modifying agency DLC
-- BD-JhC
041 ## - LANGUAGE CODE
Language code of Book eng
050 00 - LIBRARY OF CONGRESS CALL NUMBER
Classification number ND237.W94
Item number A4 1987
082 00 - DEWEY DECIMAL CLASSIFICATION NUMBER
Classification number 759.14/074
DDC Edition number 19
Author mark and Year ANA 1987
245 03 - TITLE STATEMENT
Title An American vision /
Remainder of title three generations of Wyeth art : N.C. Wyeth, Andrew Wyeth, James Wyeth /
Statement of responsibility, etc essays by James H. Duff ... [et al.].
250 ## - EDITION STATEMENT
Edition statement 1st ed.
260 ## - PUBLICATION, DISTRIBUTION, ETC. (IMPRINT)
Place of publication, distribution, etc Boston :
Name of publisher, distributor, etc Little, Brown,
Date of publication, distribution, etc c1987.
300 ## - PHYSICAL DESCRIPTION
Pagination xii, 209 p. :
Other physical details chiefly ill. (some col.) ;
Dimensions 25 x 29 cm.
500 ## - GENERAL NOTE
General note "A New York Graphic Society book."
500 ## - GENERAL NOTE
General note Published in association with the Brandywine River Museum to accompany an international exhibition organized by it.
500 ## - GENERAL NOTE
General note Includes index.
504 ## - BIBLIOGRAPHY, ETC. NOTE
Bibliography, etc Bibliography: p. 193-195.
600 30 - SUBJECT ADDED ENTRY--PERSONAL NAME
Personal name Wyeth family
650 #0 - SUBJECT ADDED ENTRY--TOPICAL TERM
Topical term or geographic name as entry element Realism in art
Form subdivision Exhibitions.
650 #0 - SUBJECT ADDED ENTRY--TOPICAL TERM
Topical term or geographic name as entry element Art, American.
700 1# - ADDED ENTRY--PERSONAL NAME
Personal name Wyeth, N. C.
Fuller form of name (Newell Convers),
Dates associated with a name 1882-1945.
700 1# - ADDED ENTRY--PERSONAL NAME
Personal name Wyeth, Andrew,
Dates associated with a name 1917-2009.
700 1# - ADDED ENTRY--PERSONAL NAME
Personal name Wyeth, Jamie,
Dates associated with a name 1946-
700 1# - ADDED ENTRY--PERSONAL NAME
Personal name Duff, James H.,
Dates associated with a name 1943-
710 2# - ADDED ENTRY--CORPORATE NAME
Corporate name or jurisdiction name as entry element Brandywine River Museum.
942 ## - ADDED ENTRY ELEMENTS (KOHA)
Source of classification or shelving scheme Dewey Decimal Classification
Koha item type Books
Holdings
Source of classification or shelving scheme Damaged status Not for loan Home library Current library Shelving location Total Checkouts Full call number Barcode Date last seen Copy number Koha item type
Dewey Decimal Classification     JCC Rouf Library JCC Rouf Library General Stacks   759.14/074 ANA 1987 12913 03/22/2018 C - 1 Books

JCC Library | Contacts | JCC Home

Last Update on 23 September 2017
Copyright @ 2017-2020 JCC Rouf Library
Rouf Library, Jhenidah Cadet College (JCC), Bangladesh